LIBRARY & INFORMATION CENTRE, KCAET, TAVANUR

ONLINE PUBLIC ACCESS CATALOGUE (OPAC)

Applied thermodynamics / (Record no. 3182)

MARC details
000 -LEADER
fixed length control field 00487cam a2200193ua 4500
041 ## - LANGUAGE CODE
Language code of text/sound track or separate title eng
082 ## - DEWEY DECIMAL CLASSIFICATION NUMBER
Classification number 621.4021
Item number ROB/AP
100 ## - MAIN ENTRY--AUTHOR NAME
Personal name Robinson, Willam .
245 ## - TITLE STATEMENT
Title Applied thermodynamics /
260 ## - PUBLICATION, DISTRIBUTION, ETC. (IMPRINT)
Place of publication London :
Name of publisher Sir Isaac Pitman & Sons Ltd ,
Year of publication 1961.
300 ## - PHYSICAL DESCRIPTION
Number of Pages 666 ; .
700 1# - ADDED ENTRY--PERSONAL NAME
Personal name Dickson, John M .
942 ## - ADDED ENTRY ELEMENTS (KOHA)
Koha item type Books
Holdings
Withdrawn status Lost status Damaged status Home library Current library Date acquired Full call number Accession Number Koha item type
      KAUAET KAUAET 07/04/2012 621.4021 3710 Books
      KAUAET KAUAET 07/04/2012 621.4021 3193 Books
free website counter